[Event "Qatar Masters op"]
[Site "Doha"]
[Date "2015.12.28"]
[Round "8"]
[White "Lenderman, Aleksandr"]
[Black "Tomashevsky, Evgeny"]
[Result "1/2-1/2"]
[WhiteElo "2626"]
[BlackElo "2744"]
[PlyCount "88"]
[EventDate "2015.12.20"]
[EventType "swiss"]
[EventRounds "9"]
[EventCountry "QAT"]
[SourceTitle "CBM 170"]
[Source "ChessBase"]
[SourceDate "2016.01.15"]
[SourceVersion "1"]
[SourceVersionDate "2016.01.15"]
[SourceQuality "1"]

1. d4 {Edouard,Romain} d5 2. c4 e6 3. Nc3 c6 4. Nf3 dxc4 5. e3 b5 6. a4 Bb4 7. Bd2 a5 8. axb5 Bxc3 9. Bxc3 cxb5 10. b3 Bb7 11. bxc4 b4 12. Bb2 Nf6 13. Bd3 O-O 14. O-O Nbd7 15. Nd2 e5 16. d5 ({RR} 16. Bc2 Qc7 17. h3 Rfe8 ({RR} 17... h6) 18. Bb3 ({RR} 18. Ba4 Bc6 19. Bb3) 18... h6 19. Nf3 Ra6 20. Nxe5 Nxe5 21. dxe5 Nd7 22. f4 ({RR} 22. Ba4 Rg6 ({RR} 22... Nxe5 23. Bxe8 Nf3+ 24. gxf3 Rg6+ 25. Kh1 Qc8 26. Bd7 Qxd7 27. Qxd7 Bxf3+ 28. Kh2 Rg2+ 29. Kh1 Rg6+) 23. f3 Rd8) 22... Nc5 23. Bc2 a4 24. f5 ({RR} 24. Bxa4 Nxa4 25. Rxa4 Qc6) 24... b3 ({RR} 24... Rd8 25. Qg4 Rd2 26. Rf2 Rxf2 27. Kxf2 a3 28. Bd4 b3 29. f6 g5 30. Bf5) 25. Bb1 Raa8 ({RR} 25... a3 26. Rxa3 Rxa3 27. Bxa3 Qxe5 28. Bxc5 Qxc5 29. Qd4) 26. e6 Qg3 27. Rf2 ({RR} 27. Qe2 fxe6 ({RR} 27... f6 28. Rf4) 28. f6) 27... f6 ({RR} 27... fxe6 28. f6 gxf6) 28. Bd4 Ne4 29. Bxe4 ({RR} 29. Rf3 Qg5 30. Qe1 a3 31. h4 ({RR} 31. Rf4 b2 32. Ra2 Qg3 33. Qxg3 Nxg3 34. Rg4 Ne2+ 35. Kf2 Nc1 36. Bxf6 g5 37. h4 Nxa2 38. hxg5 Rf8 39. Bxa2 b1=Q 40. Bxb1 a2 41. Bxa2 Rxa2+) 31... Qg4 ({RR} 31... Qh5 32. Rf4) 32. Rf4 Qg3 33. Bxe4 Qxe1+ 34. Rxe1 Bxe4 35. Rxe4 b2) 29... Bxe4 30. Ra3 Rec8 {Donchenko,A (2668)-Firouzja,A (2749) Wijk aan Zee 2021 CBM 201 Extra [Edouard,Romain] 0-1 (43)}) 16... Re8 ({RR} 16... Nc5 17. Bc2 Qc7 18. f4 Ncd7 19. fxe5 Nxd5 20. cxd5 Bxd5 21. Ne4 Qc6 22. Ba4 Qe6 23. Ng5 Qg6 24. Qxd5 Qxg5 25. Bxd7 Qxe3+ 26. Kh1 Qe2 27. e6 {1-0 (27) Pimenta,J (1863)-Mariani,D (2057) Caioba BRA 2026}) 17. f4 $146 ({RR} 17. Bc2 Qb6 18. Rb1 Nc5 19. f4 e4 20. Bd4 Qd6 21. Ra1 Bc8 22. Nb3 Nxb3 23. Bxb3 Nd7 24. Ba4 Rf8 25. Qg4 g6 26. Qh4 Nc5 27. Bc6 Ra7 28. Be5 Qd8 29. Qxd8 Rxd8 30. Bd4 {1-0 (30) Mirzoeva,E (2229)-Karpov,A (2222) Moscow 2015}) ({RR} 17. Kh1 Qb6 18. Bc2 Re7 19. e4 Ne8 20. f4 f6 21. fxe5 fxe5 22. Ba4 Nc5 23. Rf5 Nd6 24. Rf3 Bc8 25. Bc6 Bb7 26. Ba4 Ba6 27. Bc6 Bb7 28. Ba4 {½-½ (28) Wenninger,P (2347)-Milov,L (2465) Schwaebisch Gmuend 2016}) 17... Qe7 18. Bc2 Qd6 19. Kh1 e4 20. Ba4 Rec8 21. Bxd7 Nxd7 22. Qg4 Nf6 23. Nxe4 Nxg4 24. Nxd6 Nxe3 25. Rfc1 Rcb8 26. Bd4 b3 27. Rab1 Nc2 28. Rxb3 Nxd4 29. Rxb7 Rxb7 30. Nxb7 a4 31. d6 Kf8 32. d7 Nc6 33. Re1 g6 34. c5 a3 35. Nd6 Rd8 36. Ra1 Ra8 37. Ra2 Ke7 38. Nc8+ Kd8 39. Nb6 Ra5 40. g3 Kc7 41. Nc4 Rxc5 42. Nxa3 Kxd7 43. Rc2 Rxc2 44. Nxc2 Ke6 1/2-1/2

[Event "Chess.com Classic Play-In"]
[Site "chess.com INT"]
[Date "2025.05.19"]
[Round "7"]
[White "Le, Quang Liem"]
[Black "Fedoseev, Vl3"]
[Result "0-1"]
[WhiteElo "2729"]
[BlackElo "2739"]
[PlyCount "82"]
[EventDate "2025.05.19"]

1. d4 d5 2. c4 e6 3. Nc3 Be7 4. cxd5 exd5 5. Bf4 c6 6. e3 Bf5 7. Nge2 Nd7 8. h4 Be6 ({RR} 8... Ngf6 9. f3 h5 10. Ng3 Bg6 11. Bd3 Nf8 12. Nf5 Ne6 13. Bg3 Bxf5 14. Bxf5 Bd6 15. Bf2 Qe7 16. g3 Rd8 17. Bh3 Qc7 18. Ne2 O-O 19. O-O Rfe8 20. Rc1 Re7 21. Qd2 Rde8 22. b4 a6 23. Kg2 {Stockfish dev-20240728-2343f7 (3662)-LCZero 0.31-dag-5350a2e-BT4-6 (3631) tcec-chess.com INT 2024 ½-½ (51)}) ({RR} 8... Ngf6 9. Ng3 Be6 10. Bd3 Nb6 11. Nf5 Bxf5 12. Bxf5 Bd6 13. Qf3 Nc4 14. g4 Qb6 15. Bxd6 Nxd6 16. O-O h5 17. g5 Nxf5 18. Qxf5 Nd7 19. e4 O-O-O 20. exd5 Qxd4 21. dxc6 bxc6 22. Qe4 Ne5 23. Kg2 {Lazavik,D (2605)-Szpar,M (2499) chess.com INT 2026 1-0 (58)}) ({RR} 8... Nf8 9. h5 h6 10. Ng3 Bh7 11. Bd3 Bxd3 12. Qxd3 Ne6 13. Be5 Nf6 14. Nf5 O-O 15. O-O-O b5 16. f3 Nd7 17. g4 b4 18. Ne2 c5 19. Nf4 c4 20. Qc2 Nxf4 21. exf4 Bf6 22. Kb1 Re8 23. Bxf6 {Vetokhin,S (2572)-Le,Q (2731) Doha QAT 2025 0-1 (78)}) 9. h5 $146 ({RR} 9. Ng3 Ngf6 10. Bd3 O-O 11. Nf5 Bb4 12. a3 Bxc3+ 13. bxc3 Bxf5 14. Bxf5 Re8 15. a4 Nf8 16. Qb3 b6 17. h5 Ne4 18. c4 dxc4 19. Qxc4 Nf6 20. O-O Nxh5 21. Bh2 Qg5 22. Bh3 c5 23. dxc5 Qxc5 {Petrosyan,M (2638)-Davtyan,A (2488) Sharjah 2022 ½-½ (42)}) ({RR} 9. Ng3 g6 10. Qb3 Qb6 11. Qc2 Qd8 12. Qb3 Qb6 13. Qc2 Qd8 14. e4 Nb6 15. h5 g5 16. Be3 dxe4 17. Ngxe4 Nd5 18. Nxd5 Bxd5 19. Nc3 h6 20. Nxd5 cxd5 21. Bd3 Nf6 22. Bf5 O-O 23. O-O-O Ne4 {Karthik,V (2563)-Jin,Y (2398) Doha QAT 2023 ½-½ (40)}) 9... h6 10. Ng3 Ngf6 11. Bd3 Nb6 12. Qc2 Bd6 13. O-O-O Bxf4 14. exf4 Qd6 15. f5 Bd7 16. Rhe1+ Kd8 17. Kb1 Rc8 18. Qc1 a6 19. f4 Kc7 20. Re5 Kb8 21. Be2 c5 22. dxc5 Rxc5 23. Qe3 Qc7 24. Nh1 Nc4 25. Bxc4 Ng4 26. Qd3 Nxe5 27. fxe5 Qxe5 28. Bxd5 Bxf5 29. Be4 Rxc3 30. Qxc3 Bxe4+ 31. Ka1 Qxc3 32. bxc3 Bxg2 33. Ng3 Rc8 34. Kb2 Rc5 35. Rg1 Bc6 36. Kc2 Rg5 37. Kd3 Bf3 38. Ke3 Bxh5 39. Kf2 Bg6 40. Re1 Ra5 41. Re2 Ra3 0-1

[Event "FIDE Grand Swiss 2025"]
[Site "Samarkand UZB"]
[Date "2025.09.11"]
[Round "7.9"]
[White "Vidit, S."]
[Black "Maurizzi, MarcAndria"]
[Result "1-0"]
[WhiteElo "2720"]
[BlackElo "2604"]
[PlyCount "97"]
[EventDate "2025.09.04"]

1. d4 {Krasenkow,Michal Krasenkow,Michal} d5 2. c4 e6 3. Nc3 Be7 4. cxd5 exd5 5. Bf4 Nf6 6. e3 Bf5 7. Qb3 Nc6 8. g4 ({RR} 8. Qxb7) 8... Bd7 $146 ({RR} 8... Bc8 9. h3 ({RR} 9. g5 Nh5) 9... Bd6 ({RR} 9... Na5 10. Qc2 c6 11. O-O-O Be6 12. Kb1 Rc8 13. Bd3 b5 14. Nge2 Nc4 15. Bg3 Qa5 16. Nf4 Bb4 17. Nce2 c5 18. g5) 10. Bxd6 cxd6 ({RR} 10... Qxd6 11. g5 Ne4 12. Qxd5) 11. Nge2 h5 12. g5 Ne4 13. h4 O-O 14. Bg2 Bg4 15. Nf4 Rc8 16. Qxd5 Nxc3 17. bxc3 Ne7 18. Qb3 Nf5 19. g6 ({RR} 19. f3 Nxe3 20. fxg4 Qe8 ({RR} 20... Re8 21. Kf2 Nxg4+ 22. Kg1) 21. Kd2 Nc4+ 22. Kc2 Qe3 23. Raf1) ({RR} 19. Bd5) 19... Nxh4 20. Bd5 Nf3+ 21. Bxf3 Bxf3 22. Rh3 Bg4 23. Rg3 {Morozevich,A (2700)-Onischuk,A (2683) Reggio Emilia 2011 CBM 140 [Krasenkow,Michal] 0-1 (47)}) ({RR} 8... Bxg4 9. Qxb7 Nb4 10. Rc1 Bf5 11. Bxc7 Qc8 12. Qxc8+ Rxc8 13. Be5) ({RR} 8... Nxg4 9. a3 ({RR} 9. Nxd5 O-O 10. Bg2 Bh4 11. Bg3 Be6 12. Kf1 a5 13. Nh3 a4 14. Qc4 Na5 15. Qc5 b6 16. Bxh4 bxc5 17. Bxd8 Raxd8 18. Ne7+ Kh8 19. d5 Bd7) ({RR} 9. Qxd5 Qc8) ({RR} 9. Nxd5 O-O 10. Bg2 Bh4 11. Bg3 Be6 12. Kf1 a5 13. Nh3 a4 14. Qc4 Na5 15. Qc5 b6 16. Bxh4 bxc5 17. Bxd8 Raxd8 18. Ne7+ Kh8 19. d5 Bd7) ({RR} 9. a3 O-O 10. Bg2 Bh4 11. Bg3 Bxg3 ({RR} 11... Be6) ({RR} 11... Re8) 12. hxg3 Ne7 13. Nxd5 Nxd5 14. Qxd5 Qxd5 15. Bxd5 Rad8 16. Bxb7 Rb8 17. Bf3 Rxb2 18. Ne2) 9... O-O 10. Bg2 Bh4 11. Bg3 Bxg3 ({RR} 11... Be6) ({RR} 11... Re8) 12. hxg3 Ne7 13. Nxd5 Nxd5 14. Qxd5 Qxd5 15. Bxd5 Rad8 16. Bxb7 Rb8 17. Bf3 Rxb2 18. Ne2) ({RR} 8... Nxg4 9. Qxd5 Qc8 10. Qg2 O-O ({RR} 10... Nf6) 11. e4 Bxe4 ({RR} 11... Bg6 12. O-O-O) ({RR} 11... Nxd4 12. O-O-O Bc5) 12. Nxe4 Bb4+ 13. Nc3 Qf5 14. Be2 Rfe8 15. Kf1 Nf6 ({RR} 15... Qxf4 16. Qxg4 Qd2 17. Rb1) ({RR} 15... h5 16. Qg3 Nxd4 17. Bd3) 16. Bh6 g6 17. Qg5 Nxd4 18. Rd1 ({RR} 18. Qxf5 Nxf5 19. Bd2) 18... Bxc3 19. bxc3 Ne4 ({RR} 19... Rxe2 20. Nxe2 Qh3+ 21. Qg2 Qxg2+ 22. Kxg2 Nxe2 23. Rd3) 20. Qxf5 Nxf5 21. Bd2 Rad8 22. Be1 Rxd1 23. Bxd1 {Aronian,L (2808)-Kramnik,V (2785) Monte Carlo 2011 CBM 142 [Krasenkow,Michal] 1-0 (39)}) ({RR} 8... Nxg4 9. Qxd5 Qxd5 10. Nxd5 Bb4+ 11. Nc3 O-O-O 12. Nge2 Rhe8 13. Bg2 Bd3 14. Bf3 Nf6 15. O-O-O Bg6 16. h4 Bh5 17. Rh3 Bxf3 18. Rxf3 Ne4 19. Nxe4 Rxe4 20. Ng3 Ree8 21. Nh5 g6 22. Nf6 Rh8 23. d5 {Ilinca,F (2397)-Balakrishnan,P (2489) San Vicente ESP 2025 1-0 (63)}) 9. h3 O-O 10. Nge2 Na5 11. Qc2 c5 12. dxc5 Bxc5 13. Bg2 Rc8 14. O-O Be6 15. Rad1 Qe8 16. Qb1 Nc4 17. b3 Nb6 18. Bg5 d4 19. exd4 Be7 20. Bxb7 Rc7 21. Bg2 Nfd5 22. Bxe7 Qxe7 23. Qd3 Rfc8 24. Rc1 g6 25. Nxd5 Bxd5 26. Rxc7 Rxc7 27. Nc3 Bxg2 28. Kxg2 h5 29. Qf3 hxg4 30. hxg4 Qb4 31. Ne4 Nd5 32. Rd1 Qe7 33. Nc5 Qg5 34. Re1 Nf4+ 35. Kf1 Qh6 36. b4 g5 37. Re8+ Kg7 38. a3 Qh7 39. Re5 Qb1+ 40. Re1 Qh7 41. d5 Qh6 42. Re8 Qf6 43. Qe4 Ng6 44. Qd3 Rc8 45. Re4 Nf4 46. Qd4 Rh8 47. Ke1 Rh1+ 48. Kd2 Nxd5 49. Re5 1-0

[Event "Titled Tue 30th Sep 2025"]
[Site "chess.com INT"]
[Date "2025.09.30"]
[Round "8"]
[White "Bluebaum, M."]
[Black "Esipenko, Andrey"]
[Result "0-1"]
[WhiteElo "2671"]
[BlackElo "2687"]
[PlyCount "86"]
[EventDate "2025.09.30"]

1. d4 d5 2. c4 e6 3. Nc3 Be7 4. cxd5 exd5 5. Bf4 Nf6 6. e3 O-O 7. Nf3 Bf5 8. h3 c6 9. g4 Bg6 10. Ne5 Qb6 ({RR} 10... Nfd7 11. Nxg6 fxg6 12. Bg2 Nb6 13. O-O Na6 14. Qb3 Qd7 15. Bg3 Kh8 16. Ne2 Rae8 17. Rad1 Bd6 18. Bxd6 Qxd6 19. Nf4 Nb8 20. Nd3 N8d7 21. Qc3 Qc7 22. Rde1 Nc4 23. a4 Nf6 24. b3 Nd6 25. f3 {Bluebaum,M (2643)-Keinanen,T (2535) Eforie Nord ROU 2025 1-0 (52)}) 11. Nxg6 hxg6 ({RR} 11... fxg6 12. Qc2 c5 13. dxc5 Bxc5 14. O-O-O Nbd7 15. g5 Nh5 16. Nxd5 Qa5 17. Kb1 Kh8 18. Be2 Nxf4 19. Nxf4 Nb6 20. h4 Rac8 21. h5 Qa4 22. b3 Qe8 23. Nxg6+ Kg8 24. Nxf8 Bxf8 25. Qf5 Rc5 26. Qd3 {Mekhitarian,K (2544)-Palczert,M (2466) chess.com INT 2026 1-0 (33)}) 12. Qc2 Bb4 $146 ({RR} 12... Nbd7 13. Bd3 Rfc8 14. Qb3 Qxb3 15. axb3 Ne8 16. g5 Bd6 17. Bxd6 Nxd6 18. b4 a6 19. h4 Kf8 20. Kd2 Ke7 21. Rae1 Rh8 22. Rh3 Rae8 23. Reh1 {½-½ (23) Hracek,Z (2542)-Malinovsky,K (2463) Czech Republic CZE 2023}) ({RR} 12... Nbd7 13. Bd3 Rfc8 14. Qb3 Qxb3 15. axb3 Ne8 16. g5 Bd6 17. Bxd6 Nxd6 18. b4 a6 19. h4 Kf8 20. Kd2 Ke7 21. Rae1 Rh8 22. Rh3 Rae8 23. Reh1 {½-½ (23) Hracek,Z (2542)-Malinovsky,K (2463) Czech Republic CZE 2023}) 13. Bg2 Qa6 14. Qe2 Qa5 15. O-O Re8 16. Qc2 Nbd7 17. Rfc1 Rac8 18. a3 Bf8 19. b4 Qd8 20. b5 Nb6 21. bxc6 bxc6 22. a4 Nc4 23. Ne2 Bd6 24. Qa2 Ne4 25. Rxc4 dxc4 26. Qxc4 c5 27. dxc5 Rxc5 28. Qa6 Qf6 29. Rd1 Bxf4 30. Qxf6 Bh2+ 31. Kxh2 gxf6 32. f3 Nc3 33. Rc1 Rxe3 34. Ng3 Nxa4 35. Ra1 Rc4 36. Ne4 Kg7 37. Nd6 Rb4 38. Rc1 Nc3 39. Ra1 Re6 40. Nc8 a6 41. f4 Rxf4 42. Ra3 Nb5 43. Ra2 Rc4 0-1

[Event "Titled Tue 5th Aug Late"]
[Site "chess.com INT"]
[Date "2025.08.05"]
[Round "8"]
[White "Maghsoodloo, Parham"]
[Black "Nakamura, Hi"]
[Result "1-0"]
[WhiteElo "2695"]
[BlackElo "2807"]
[PlyCount "159"]
[EventDate "2025.08.05"]

1. d4 d5 2. c4 e6 3. Nc3 Be7 4. cxd5 exd5 5. Bf4 c6 6. e3 Bf5 7. Bd3 Bxd3 8. Qxd3 Nd7 9. Nge2 Ngf6 10. O-O O-O 11. h3 ({RR} 11. f3 Nh5 12. Bg3 f5 13. Rae1 Nxg3 14. Nxg3 g6 15. e4 dxe4 16. Qc4+ Kh8 17. fxe4 Nb6 18. Qd3 fxe4 19. Ngxe4 Qd7 20. Rd1 Rxf1+ 21. Rxf1 Rf8 22. Rxf8+ Bxf8 23. Ng5 Bg7 24. Nf3 Qe6 25. b3 Qe7 {Fistek,D (2181)-Michalowski,P (2100) Krakow POL 2026 ½-½ (34)}) 11... Re8 12. Rab1 ({RR} 12. f3 b5 13. a3 a5 14. e4 Nb6 15. e5 Nfd7 16. Bc1 b4 17. axb4 axb4 18. Rxa8 Qxa8 19. Nd1 c5 20. f4 Bf8 21. Kh2 Qa2 22. Ne3 c4 23. Qd1 Qb3 24. Qe1 f6 25. Rf3 Qa4 26. Qh4 Qc6 {Mamedyarov,S (2800)-Topalov,V (2749) Paris 2017 1-0 (35)}) 12... a5 13. a3 Nb6 $146 ({RR} 13... Bf8 14. Bg3 h6 15. Bh2 g6 16. Bg3 h5 17. Bh2 Kg7 18. Bf4 Qb6 19. Bh2 a4 20. Qc2 Qa6 21. Nf4 b5 22. Nd3 Nb6 23. Nc5 Qa7 24. f4 Nc4 25. f5 Nxe3 26. Qf2 Nxf1 27. Rxf1 Bxc5 28. dxc5 {Gatterer,F (2175)-Khripachenko,A (2219) chess.com INT 2023 0-1 (74)}) ({RR} 13... Bf8 14. Bg3 h6 15. Bh2 g6 16. Bg3 h5 17. Bh2 Kg7 18. Bf4 Qb6 19. Bh2 a4 20. Qc2 Qa6 21. Nf4 b5 22. Nd3 Nb6 23. Nc5 Qa7 24. f4 Nc4 25. f5 Nxe3 26. Qf2 Nxf1 27. Rxf1 Bxc5 28. dxc5 {Gatterer,F (2175)-Khripachenko,A (2219) chess.com INT 2023 0-1 (74)}) 14. Qc2 Bd6 15. Bxd6 Qxd6 16. Nf4 a4 17. Nd3 Nfd7 18. Rfe1 Re7 19. Rbd1 Qg6 20. Re2 h5 21. Nf4 Qxc2 22. Rxc2 h4 23. Nd3 Nc4 24. Re1 f5 25. Rce2 Nf8 26. Nc5 b5 27. Na2 Ne6 28. Nd3 Rae8 29. Kf1 Ng5 30. Nab4 Re6 31. Nc5 Rf6 32. Nbd3 Ne4 33. Kg1 g5 34. Nd7 Rfe6 35. N7e5 Kg7 36. f4 gxf4 37. exf4 Rh8 38. Nf3 Kf8 39. Nde5 Ke7 40. Kh2 Rf6 41. Rc2 Kd6 42. Nd3 Rg6 43. Nde5 Rg7 44. Nd3 Kc7 45. Nde5 Kb6 46. Nd3 Rh6 47. Nde5 Rhh7 48. Nd3 Re7 49. Nde5 Nf6 50. Rce2 Reg7 51. Nd3 Ne4 52. Nde5 Rg8 53. Rc2 Kc7 54. Nd3 Rhh8 55. Nde5 Rb8 56. Ng6 Rh6 57. Ngxh4 Rf8 58. g3 Rhf6 59. Ne5 Rg8 60. Rg2 Rg7 61. Nhf3 Rh6 62. h4 Rh8 63. Ng5 Rgg8 64. Nef3 Rb8 65. Rge2 b4 66. axb4 Rxb4 67. Ne5 Nxb2 68. Ra1 Ra8 69. Ne6+ Kb6 70. Nd7+ Kb5 71. Nc7+ Kc4 72. Nxa8 Nc3 73. Nab6+ Kd3 74. Rf2 Nbd1 75. Ne5+ Ke3 76. Rf3+ Ke4 77. Nxa4 Rxa4 78. Rxa4 Nxa4 79. h5 Ne3 80. h6 1-0

[Event "FIDE Grand Swiss 2025"]
[Site "Samarkand UZB"]
[Date "2025.09.04"]
[Round "1.25"]
[White "Mendonca, Leon Luke"]
[Black "Esipenko, Andrey"]
[Result "1/2-1/2"]
[WhiteElo "2606"]
[BlackElo "2682"]
[PlyCount "61"]
[EventDate "2025.09.04"]

1. d4 d5 2. c4 e6 3. Nc3 Be7 4. cxd5 exd5 5. Bf4 Nf6 6. e3 O-O 7. Bd3 c5 8. Nge2 Nc6 9. O-O Bg4 10. dxc5 Bxc5 11. h3 Bxe2 12. Nxe2 Qe7 ({RR} 12... Qb6 13. Ng3 g6 14. Rb1 Rad8 15. b4 Bd6 16. Bg5 Be7 17. b5 Ne5 18. Be2 d4 19. exd4 Rxd4 20. Qb3 Bc5 21. Rbd1 Rxd1 22. Qxd1 Re8 23. Qc1 Ned7 24. a4 Bd4 25. Qd2 Be5 26. a5 Qc5 27. Rc1 {Carlsen,M (2841)-Esipenko,A (2684) Bangkok THA 2026 1-0 (38)}) 13. Qb3 $146 ({RR} 13. Bg5 h6 14. Bh4 Qe5 15. Rc1 Bb6 16. Qb3 Ne4 17. Rfd1 Nc5 18. Qb5 Nxd3 19. Qxd3 Qxb2 20. Rb1 Qxa2 21. Nf4 Qc4 22. Qxd5 Qxd5 23. Nxd5 Bd8 24. Bxd8 Nxd8 25. Nc7 Rb8 26. Rd7 Nc6 27. Nb5 a6 {Sivuk,V (2517)-Cederstam,C (2376) Upplands Vasby SWE 2026 ½-½ (38)}) 13... Rad8 14. Rad1 h6 15. Bb5 Bb6 16. Qa4 Ne5 17. Nc3 Bc5 18. Rd2 a6 19. Be2 Ng6 20. Rfd1 d4 21. exd4 Nxf4 22. dxc5 Nxe2+ 23. Rxe2 Qxc5 24. a3 Rxd1+ 25. Qxd1 Qc7 26. Rd2 Re8 27. Nd5 Nxd5 28. Rxd5 Qb6 29. Qd2 Qf6 30. Rd6 Re6 31. Rxe6 1/2-1/2

[Event "Titled Tue 9th Sep 2025"]
[Site "chess.com INT"]
[Date "2025.09.09"]
[Round "4"]
[White "Navara, D."]
[Black "Esipenko, Andrey"]
[Result "1/2-1/2"]
[WhiteElo "2650"]
[BlackElo "2682"]
[PlyCount "84"]
[EventDate "2025.09.09"]

1. d4 d5 2. c4 e6 3. Nc3 Be7 4. cxd5 exd5 5. Bf4 Nf6 6. e3 O-O 7. Bd3 c5 8. dxc5 Bxc5 9. Nf3 Nc6 10. O-O Bg4 11. h3 Bh5 12. g4 Bg6 13. Bxg6 hxg6 14. g5 Nh5 15. Qxd5 Nxf4 16. exf4 Qa5 17. a3 $146 ({RR} 17. Kg2 Rad8 18. Qc4 Nd4 19. Ne5 Kh7 20. Rad1 Bb6 21. Rd3 f6 22. gxf6 Rxf6 23. Nf7 Rd7 24. Ng5+ Kh8 25. Re1 Qf5 26. Re8+ Rf8 27. Qc8 Rd8 28. Qxf5 gxf5 29. Rxd8 Rxd8 30. Nf7+ {1-0 (30) Rustemov,A (2525)-Volkov,N (2206) chess.com INT 2026}) 17... Rad8 18. Qc4 Bd4 19. Rad1 Bxc3 20. Qxc3 Qf5 21. Nd4 Qxf4 22. Nxc6 Qxg5+ 23. Qg3 Qxg3+ 24. fxg3 bxc6 25. Rxd8 Rxd8 26. Rf2 Rd3 27. Kg2 Rb3 28. h4 f5 29. Rc2 Kh7 30. Rxc6 Rxb2+ 31. Kh3 Rb3 32. Ra6 f4 33. Kg4 f3 34. Rxa7 f2 35. Rf7 Rxa3 36. Rxf2 Ra4+ 37. Rf4 Ra5 38. Re4 Ra7 39. Rf4 Rb7 40. Re4 Ra7 41. Rf4 Rb7 42. Re4 Ra7 1/2-1/2

[Event "Titled Tue 2nd Sep 2025"]
[Site "chess.com INT"]
[Date "2025.09.02"]
[Round "10"]
[White "Andreikin, D."]
[Black "Esipenko, Andrey"]
[Result "0-1"]
[WhiteElo "2695"]
[BlackElo "2682"]
[PlyCount "116"]
[EventDate "2025.09.02"]

1. d4 d5 2. c4 e6 3. Nc3 Be7 4. cxd5 exd5 5. Bf4 c6 6. e3 Bf5 7. Nge2 Nd7 8. Ng3 Bg6 9. a3 Nf8 10. h4 ({RR} 10. Be2 Ne6 11. Bg4 Nf6 12. Bxe6 fxe6 13. Nge2 O-O 14. O-O Rc8 15. Bg3 c5 16. dxc5 Bxc5) 10... Bxh4 11. Qb3 Bxg3 12. Bxg3 Qe7 $146 ({RR} 12... Qb6 13. Qb4 Nd7 14. Na4 Qxb4+ 15. axb4 a6 16. Nc5 Nxc5 17. bxc5 Nf6 18. Be5 O-O 19. Ra3 Rfc8 20. Be2 Bf5 21. Rb3 Ra7 22. Bxf6 gxf6 23. Kd2 Rc7 24. Kc3 Ra8 25. Kb4 Re8 26. Ka5 Kg7 27. Kb6 {Andreikin,D (2695)-Abasov,N (2578) Ankara TUR 2025 ½-½ (94)}) ({RR} 12... Qb6 13. Qb4 Nd7 14. Na4 Qxb4+ 15. axb4 a6 16. Nc5 Nxc5 17. bxc5 Nf6 18. Be5 O-O 19. Ra3 Rfc8 20. Be2 Bf5 21. Rb3 Ra7 22. Bxf6 gxf6 23. Kd2 Rc7 24. Kc3 Ra8 25. Kb4 Re8 26. Ka5 Kg7 27. Kb6 {Andreikin,D (2695)-Abasov,N (2578) Ankara 2025 ½-½ (94)}) 13. Bh4 Nf6 14. Be2 O-O-O 15. Bg3 Ne4 16. Nxe4 Qxe4 17. Rc1 Qxg2 18. Rh2 Qe4 19. Qa4 Kd7 20. Qxa7 Ne6 21. Qxb7+ Ke8 22. Rh4 Qg2 23. Rh2 Qe4 24. Qxc6+ Kf8 25. Bd6+ Kg8 26. Be7 Nxd4 27. Qd7 h6 28. Bxd8 Nxe2 29. Kxe2 Kh7 30. Bb6 Re8 31. Ke1 Re6 32. Bd4 Qg4 33. Kd2 Qf5 34. f4 Qd3+ 35. Ke1 Rxe3+ 36. Bxe3 Qxe3+ 37. Kd1 Qd3+ 38. Ke1 Qe3+ 39. Kd1 Qg1+ 40. Kd2 Qxh2+ 41. Kc3 Qxf4 42. Rd1 Qc4+ 43. Kd2 Qd3+ 44. Ke1 Qe3+ 45. Kf1 Qf3+ 46. Ke1 Qe3+ 47. Kf1 Qf3+ 48. Ke1 Qe4+ 49. Kf1 Qh1+ 50. Ke2 Bh5+ 51. Ke3 Qxd1 52. Qf5+ Bg6 53. Qf4 Qd3+ 54. Kf2 d4 55. b4 Qc2+ 56. Kg3 d3 57. b5 d2 58. b6 d1=Q 0-1

[Event "Esports World Cup LC Win"]
[Site "chess.com INT"]
[Date "2025.07.26"]
[Round "2.2"]
[White "Giri, A."]
[Black "Nihal, Sarin"]
[Result "1/2-1/2"]
[WhiteElo "2748"]
[BlackElo "2692"]
[PlyCount "108"]
[EventDate "2025.07.26"]
[EventType "k.o."]

1. d4 {Stockfish 16.1} d5 2. c4 e6 ({RR} 2... Nc6 3. Nc3 dxc4 4. Nf3 Nf6 5. e4 Bg4 6. d5 Ne5 7. Bf4 ({RR} 7. Qa4+) ({RR} 7. Be2) 7... Nfd7 ({RR} 7... Ng6 8. Be3 ({RR} 8. Bg3 e5 9. dxe6 Qxd1+ 10. Rxd1 Bxe6 11. Nd4 Bb4 12. Nxe6 fxe6 13. f3 e5 14. Bxc4 Ke7 15. Ke2 ({RR} 15. O-O Rad8)) 8... e5 9. Bxc4 Bd6 10. O-O a6 11. Be2 O-O 12. Nd2 Bxe2 13. Qxe2 h6 14. g3 Qd7 15. f3 Nh7 16. Rac1 f5 17. exf5 Rxf5 18. Nce4 Raf8 19. Nc4 Ne7 20. Rcd1 b5 21. Na5 Bb4 22. Nb3) 8. Be2 Bxf3 9. gxf3 g6 10. Be3 Bg7 11. f4 Nd3+ 12. Bxd3 cxd3 13. Qxd3 O-O ({RR} 13... Nf6 14. Qb5+ Qd7 15. O-O-O Qxb5 16. Nxb5 Kd7 17. e5 Nh5 18. e6+ Kc8 19. f5 a6 20. Nd4 Bxd4 21. Bxd4 f6 22. Be3 b6 23. fxg6 hxg6 24. Rhg1 Rg8 25. h4 Kb7 26. Rg4 Rad8 27. a4 Rd6 28. a5) 14. O-O-O Nf6 15. e5 Nh5 16. Ne4 e6 17. Ng3 ({RR} 17. d6 cxd6 18. Nxd6 Qa5 19. Kb1)) 3. Nc3 a6 4. cxd5 exd5 5. Nf3 h6 6. Bf4 Nf6 7. e3 Bd6 8. Be5 c6 9. Bd3 O-O 10. O-O Re8 11. h3 Qe7 ({RR} 11... Bxe5 12. Nxe5 c5 13. a4 cxd4 14. exd4 Nc6 15. Nxc6 bxc6 16. a5 Rb8 17. Qd2 Ne4 18. Nxe4 dxe4 19. Bc4 Qd6 20. Rfe1 c5 21. d5 Bd7 22. Rac1 f5 23. Qc3 f4 24. Bf1 Rbc8 25. Qb3 e3 26. fxe3 {Lazavik,D (2782)-Carlsen,M (2903) Chess.com 2024 [Stockfish 16.1] ½-½ (84)}) 12. Bxd6 Qxd6 13. Qc2 ({RR} 13. Ne5 c5 14. Rc1 b5 15. Bb1 Bb7 16. Ne2 c4 17. Ng3 Nc6 18. f4 Ne7 19. Nh5 Rad8 20. Nxf6+ Qxf6 21. f5 Nc6 22. Ng4 Qg5 23. f6 Bc8 24. fxg7 Bxg4 25. hxg4 Qxe3+ 26. Kh1 Qe2 27. Rf6 Qxd1+ {Hald Falkesgaard,J (2252)-Pantzar,M (2420) Denmark DEN 2026 0-1 (35)}) 13... Nbd7 14. Rae1 $146 ({RR} 14. Rac1 b5 15. e4 dxe4 16. Nxe4 Nxe4 17. Bxe4 Bb7 18. Bxc6 Rac8 19. d5 Nf6 20. Rfd1 Nxd5 21. Bxb7 Rxc2 22. Rxc2 Qg6 23. Rc6 Nf6 24. Bxa6 b4 25. Rc7 Nd5 26. Rxd5 Qxa6 27. Rdd7 Qxa2 28. Rb7 Qc4 {To,N (2321)-Bacrot,E (2677) chess.com INT 2024 0-1 (36)}) 14... b6 15. a3 a5 16. Nh4 Nf8 17. Na4 Rb8 18. Rc1 Ne4 19. Nf3 Ng6 20. Nc3 Nxc3 21. Qxc3 Bd7 22. b4 axb4 23. axb4 Rbc8 24. Rc2 Qf6 25. Bxg6 Qxg6 26. Ne5 Rxe5 27. dxe5 Bxh3 28. f3 c5 29. Rd2 Be6 30. bxc5 bxc5 31. Rb2 Qg3 32. f4 Bf5 33. Qe1 Qg6 34. Rff2 Be4 35. Ra2 Kh7 36. Rfb2 c4 37. Qc3 Qg3 38. Re2 Rb8 39. Rab2 Rxb2 40. Rxb2 d4 41. Qxc4 Qxe3+ 42. Rf2 Bd3 43. Qb4 Be2 44. Qc5 Bd3 45. Qa5 Be2 46. Qa7 Qc1+ 47. Kh2 Qe3 48. Rxe2 Qxe2 49. Qxf7 Qg4 50. e6 Qh4+ 51. Kg1 Qe1+ 52. Kh2 Qh4+ 53. Kg1 Qe1+ 54. Kh2 Qh4+ 1/2-1/2